| 000 | 00911nam0a22002651 4500 | ||
|---|---|---|---|
| 001 | RU\NLR\A2V16\6084 | ||
| 005 | 20251203171251.9 | ||
| 035 | _a(NLR Aleph) 009809143 | ||
| 090 |
_a10207331 _c10207331 |
||
| 100 | _a19980716d1592 u y0rusy50 ca | ||
| 101 | 0 | _alat | |
| 102 | _aRU | ||
| 200 | 1 |
_aBreviarium iuris, das ist Ein nützliches Handbüchlein ... gemeiner Sachen _fDurch M. Abr. Sawrn ... in Truck gebracht |
|
| 210 |
_aKönigsperg [Kaliningrad] _d1592 |
||
| 215 | _d4° | ||
| 620 | _dKaliningrad | ||
| 700 | 1 |
_aKlammer _bB. _fок. 1504-1578 _gBalthasar _4070 |
|
| 702 | 1 |
_6z01790 _aSaur _bA. _f1545-1593 _gAbraham _4340 |
|
| 801 | 0 |
_aRU _bNLR _c19980716 |
|
| 852 |
_aNLR _j10.13.4.192 |
||
| 942 | _cBOOK | ||
| 980 | _aNB | ||
| 980 | _ain16 | ||